From egg to chicken / (Record no. 3183)

MARC details
000 -LEADER
fixed length control field 01086cam a2200325 a 4500
005 - DATE AND TIME OF LATEST TRANSACTION
control field 20250502091136.0
020 ## - INTERNATIONAL STANDARD BOOK NUMBER
International Standard Book Number 9780531153338
040 ## - CATALOGING SOURCE
Original cataloging agency DLC
Transcribing agency DLC
Modifying agency DLC
Language of cataloging eng
050 00 - LIBRARY OF CONGRESS CALL NUMBER
Classification number SF490.L44
082 00 - DEWEY DECIMAL CLASSIFICATION NUMBER
Classification number 636.5
100 1# - MAIN ENTRY--PERSONAL NAME
Personal name Legg, Gerald
245 10 - TITLE STATEMENT
Title From egg to chicken /
Statement of responsibility, etc. written by Legg, Gerald ; illustrated by Scrace, Carolyn ; created & designed by Salariya, David
260 ## - PUBLICATION, DISTRIBUTION, ETC.
Place of publication, distribution, etc. New York :
Name of publisher, distributor, etc. Franklin Watts ,
Date of publication, distribution, etc. 1998
300 ## - PHYSICAL DESCRIPTION
Extent 29 pages :
Other physical details color illustrations ;
Dimensions 23 cm.
490 ## - SERIES STATEMENT
Series statement Lifecycles
505 ## - FORMATTED CONTENTS NOTE
Formatted contents note N <br/>
520 ## - SUMMARY, ETC.
Summary, etc. Large illustrations and simple text describe what an egg is made of and how it hatches into a chicken.
521 ## - TARGET AUDIENCE NOTE
Target audience note 560 <br/>
Source Lexile <br/>
521 ## - TARGET AUDIENCE NOTE
Target audience note N <br/>
Source Raz-Plus <br/>
650 #0 - SUBJECT ADDED ENTRY--TOPICAL TERM
Topical term or geographic name entry element Eggs
Form subdivision Juvenile literature
650 #0 - SUBJECT ADDED ENTRY--TOPICAL TERM
Topical term or geographic name entry element Chickens
General subdivision Embryos
Form subdivision Juvenile literature
650 #0 - SUBJECT ADDED ENTRY--TOPICAL TERM
Topical term or geographic name entry element Chicks
Form subdivision Juvenile literature
650 #1 - SUBJECT ADDED ENTRY--TOPICAL TERM
Topical term or geographic name entry element Eggs.
650 #1 - SUBJECT ADDED ENTRY--TOPICAL TERM
Topical term or geographic name entry element Chickens.
700 1# - ADDED ENTRY--PERSONAL NAME
Personal name Carolyn, Scrace
Dates associated with a name 1956-
Relator term illustrator
700 1# - ADDED ENTRY--PERSONAL NAME
Personal name Salariya, David
906 ## - LOCAL DATA ELEMENT F, LDF (RLIN)
a 7
b cbc
c orignew
d 1
e ocip
f 19
g y-gencatlg
942 ## - ADDED ENTRY ELEMENTS (KOHA)
Source of classification or shelving scheme Dewey Decimal Classification
Koha item type Books
Suppress in OPAC No
999 ## -
-- 3183
-- 3183
Holdings
Withdrawn status Lost status Source of classification or shelving scheme Damaged status Not for loan Collection Home library Current library Shelving location Date acquired Total Checkouts Full call number Barcode Date last seen Date last checked out Copy number Price effective from Koha item type
    Dewey Decimal Classification     Non-Fiction Footprints International School Library Network Toul Kork Campus Footprints International School Library Network Toul Kork Campus TK Primary Library Room(4th Floor), Bookcase 3&4, Shelves 17-32, Yellow Books 05/02/2025   LEG 636.5 SF490.L44 FISBK05998 05/02/2025   2 05/02/2025 Books
    Dewey Decimal Classification     Non-Fiction Footprints International School Library Network Toul Tom Poung Campus Footprints International School Library Network Toul Tom Poung Campus TTP Primary Yellow Bookshelves 02/16/2024 1 LEG 636.5 SF490.L44 FISBK05976 03/26/2024 03/19/2024 1 02/16/2024 Books